LEADER 04402oam 22006014a 450 001 996517771603316 005 20210915050353.0 035 $a(CKB)5470000000566786 035 $a(OCoLC)1265516297 035 $a(MdBmJHUP)muse98953 035 $a(oapen)https://directory.doabooks.org/handle/20.500.12854/69928 035 $a(DE-B1597)647237 035 $a(DE-B1597)9781447361770 035 $a(EXLCZ)995470000000566786 100 $a20210608d2021 uy 0 101 0 $aeng 135 $aur|||||||nn|n 181 $ctxt$2rdacontent 182 $cc$2rdamedia 183 $acr$2rdacarrier 200 00$aCOVID-19 and Co-production in Health and Social Care Vol 1$eVolume 1: The Challenges and Necessity of Co-production /$hVolume 1$iThe challenges and necessity of co-production /$fedited by Peter Beresford [and 6 others]$iThe challenges and necessity of co-production /$hVolume 1 210 $aBristol$cPolicy Press$d2021 210 1$aBristol, UK :$cBristol University Press,$d2021. 210 4$d©2021. 215 $a1 online resource (1 online resource.) 225 0 $aRapid response 311 $a1-4473-6177-6 327 $tFront Matter -- $tContents -- $tEditorial statement -- $tList of contributors -- $tIntroduction -- $tThe challenges and necessity of co-production -- $tThe impact of existing structures -- $tWhose views, and lives, truly count? The meaning of co-production against a background of worsening inequalities -- $tSilenced voices, unequal impact -- $tCo-producing and funding research in the context of a global health pandemic -- $tAre we there yet? Co-production and Black Thrive's journey towards race equity in mental health -- $tFinding the voice of the people in the pandemic -- $tCo-production? We do community participation -- $tSovereigns and servers -- $tWhat are we clapping for? Sending people to die in social care: why the NHS did this and what needs to happen next? -- $tInfection and (increasing) marginalisation -- $tDisabled people's deaths don't count -- $tRealities of welfare reform under COVID-19 lockdown -- $tAgainst violence and abuse -- $tCOVID-19 and multi-generational households -- $tDrug use and street homelessness during a pandemic -- $t'It's all right for you thinnies' -- $tAfterword -- $tCo-production in emergency responses and the 'new normal' 330 $a"EPDF and EPUB available Open Access under CC-BY-NC-ND licence. Groups most severely affected by COVID-19 have tended to be those marginalised before the pandemic and are now largely being ignored in developing responses to it. This two-volume set of Rapid Responses explores the urgent need to put co-production and participatory approaches at the heart of responses to the pandemic and demonstrates how policymakers, health and social care practitioners, patients, service users, carers and public contributors can make this happen. The first volume investigates how, at the outset of the pandemic, the limits of existing structures severely undermined the potential of co-production. It also gives voice to a diversity of marginalised communities to illustrate how they have been affected and to demonstrate why co-produced responses are so important both now during this pandemic and in the future." 606 $aVirtual work teams$2fast$3(OCoLC)fst01167709 606 $aSocial aspects$2fast$3(OCoLC)fst01354981 606 $aAuthorship$xCollaboration$2fast$3(OCoLC)fst00822444 606 $aSOCIAL SCIENCE / General$2bisacsh 606 $aVirtual work teams 606 $aAuthorship$xCollaboration 606 $aCOVID-19 Pandemic, 2020-$xSocial aspects 608 $aElectronic books. 610 $aCoproduction; COVID-19; Health care; Marginalised voices; Participatory research; Research methods; Research practices; Social care; Social justice; Social research 615 0$aVirtual work teams. 615 0$aSocial aspects. 615 0$aAuthorship$xCollaboration. 615 0$aSOCIAL SCIENCE / General 615 0$aVirtual work teams. 615 0$aAuthorship$xCollaboration. 615 0$aCOVID-19 Pandemic, 2020-$xSocial aspects. 700 $aBeresford$b Peter$4edt$01171182 702 $aBeresford$b Peter 801 0$bMdBmJHUP 801 1$bMdBmJHUP 906 $aBOOK 912 $a996517771603316 996 $aCOVID-19 and Co-production in Health and Social Care Vol 1$93083155 997 $aUNISA LEADER 04705oam 2200505I 450 001 9910793279703321 005 20230126220709.0 010 $a90-04-38156-2 024 7 $a10.1163/9789004381568 035 $a(CKB)4100000007177174 035 $a(MiAaPQ)EBC5606093 035 $a(OCoLC)1059449763 035 $a(nllekb)BRILL9789004381568 035 $a(EXLCZ)994100000007177174 100 $a20170829d2017 uy 0 101 0 $aeng 135 $aurcnu|||||||| 181 $ctxt$2rdacontent 182 $cc$2rdamedia 183 $acr$2rdacarrier 200 10$aNavigating History: Economy, Society, Knowledge, and Nature : $eEssays in Honour of Prof. Dr. C.A. Davids /$fPepijn Brandon, Go Sabine, Verstegen Wybren 210 1$aLeiden, $aBoston :$cBRILL,$d2018. 215 $a1 online resource (353 pages) 225 0 $aLibrary of Economic History ;$vv. 11 300 $aIncludes index. 311 $a90-04-38155-4 320 $aIncludes bibliographical references and index. 327 $tFront Matter -- $tCopyright -- $tContents -- $tIllustrations -- $tNotes on Contributors -- $tPreface -- $tDavids and Goliath: How Books Helped to Combat Historians? Adversaries /$rMarjolein ?t Hart and Jan Lucassen -- $tResources of Knowledge, Cultures of Learning -- $tReligion, Culture, and the Great Enrichment /$rJoel Mokyr -- $tWandering about the Learning Market: Early Modern Apprenticeship in Antwerp Gold- and Silversmith Ateliers /$rBert De Munck and Raoul De Kerf -- $tEducating World Citizens: The Rise of International Education in the Twenty-first Century /$rPál Nyíri -- $tInstitutions for a Global Economy -- $tA Changing Landscape: Institutions and Institutional Change in the Dutch Economy /$rJeroen Touwen -- $tSocial Partnership in the Northern Netherlands (1985-?) /$rMarijn Molema -- $tChasing Whales, Crossing Oceans -- $tZaanse Jonas: Zaan Whaling and Shipbuilding in the Seventeenth Century /$rVictor Enthoven -- $tKeeping Risk at Bay: Risk Management and Insurance in Eighteenth-century Dutch Whaling /$rSabine Go and Jaap Bruijn -- $tFiguring Out Global and Local Relations: Cantonese Face-makers and their Sitters in the 18th Century /$rJoost C.A. Schokkenbroek -- $tChains of Profit, Chains of Labour -- $tChasing the Delfland: Slave Revolts, Enslavement, and (Private) VOC Networks in Early Modern Asia /$rMatthias van Rossum -- $t?With the Power of Language and the Force of Reason?: An Amsterdam Banker?s Fight for Slave Owners? Compensation /$rPepijn Brandon and Karin Lurvink -- $tUp and Down the Chain: Sugar Refiners? Responses to Changing Food Regimes /$rUlbe Bosma -- $tHumans and their Natural Environment -- $tEnlightened Ideas in Commemoration Books of the 1825 Zuiderzee Flood in the Netherlands /$rPetra J.E.M. van Dam and Harm Pieters -- $tSecret and Stillborn: A Dutch Fiscal Bill from 1947 to Protect Both Nature and Monuments on Dutch Estates /$rWybren Verstegen -- $tBirds in Texel in 1910 and the Shifting Baseline Syndrome /$rJan Luiten van Zanden -- $tBack Matter -- $tIndex. 330 $aIn Navigating History: Economy, Society, Knowledge, and Nature the contributors present new research that touches on the core themes developed in Karel Davids?s work. The book reflects Davids?s omnivorous character as a scholar. Nevertheless, there are common strands that run throughout the introduction and fourteen chapters gathered here. Major themes include resources of knowledge, cultures of learning, and humans and their natural environment. Together, these fourteen essays provide a fascinating panorama of social, economic, and environmental history of the past millennium. The book seeks to bring back the different levels of geographical scope, fusing the local, the national and the global. Contributors are: Ulbe Bosma, Pepijn Brandon, Jaap Bruijn, Petra van Dam, Victor Enthoven, Sabine Go, Marjolein ?t Hart, Raoul De Kerf, Jan Lucassen, Karin Lurvink, Joel Mokyr, Marijn Molema, Bert de Munck, Pál Nyiri, Harm Pieters, Matthias van Rossum, Joost Schokkenbroek, Jeroen Touwen, Wybren Verstegen, and Jan Luiten van Zanden. 410 0$aLibrary of Economic History$v11. 606 $aEconomic assistance, Chinese 607 $aNetherlands$xEconomic conditions 607 $aNetherlands$xSocial conditions 607 $aNetherlands$xHistory 615 0$aEconomic assistance, Chinese. 676 $a330.9492 702 $aBrandon$b Pepijn 702 $aSabine$b Go 702 $aWybren$b Verstegen 801 0$bNL-LeKB 801 1$bNL-LeKB 906 $aBOOK 912 $a9910793279703321 996 $aNavigating History: Economy, Society, Knowledge, and Nature$93772795 997 $aUNINA